000 01181nam a2200325 i 4500
003 EG-GICUC
005 20260218095509.0
008 260113s1964 ua |||fr|||| 00| 0 ara d
040 _a EG-GICUC
_bara
_c EG-GICUC
_d EG-GICUC
_erda
041 0 _aAra
082 0 4 _221
_a343.91
_bأ ح . ق
092 0 4 _221
099 _aLaw1 10 343.91 أ ح. ق 1964
100 0 _aأحمد فتحى بهنسى
_eمؤلف.
245 1 2 _aالقصاص فى الفقه الإسلامى/
_cتأليف أحمد فتحى بهنسى.
264 1 _a[مكان النشر غير محدد] :
_bالفكر العربي،
_c1964.
264 3 _bمطابع كوستاتوماس وشركاه
300 _a230 صفحة؛
_c24 سم.
336 _2rda content
_atext
337 _2rda media
_aComputer
338 _2rda carrier
_aOnline Resource
500 _aولكم فى القصاص حياة
546 _aالنص باللغة العربية
650 1 _aالنظام الجنائى الإسلامى
_2qrmak
650 1 _aالقانون الجنائى
_2qrmak
651 1 _2qrmak
856 4 0 _uhttps://fll.law.cu.edu.eg/fulltext/bks/B10-07486.pdf
905 _a54
942 _2ddc
_cBK
_e21
_n0
999 _c56942
_d56942